000 00269nam a2200109Ia 4500
008 190216s9999||||xx |||||||||||||| ||und||
100 _aBhaskaran Nair K
245 0 _aDaiva Neethik Daksheeniamilla
260 _bNbs Kottayam
650 _aMalayalam Nadakam
942 _cBK
999 _c25663
_d25663